LIBRARY AUTOMATION: DESIGN, PRINCIPLES AND PRACTICE (Record no. 206700)
[ view plain ]
| 000 -LEADER | |
|---|---|
| fixed length control field | 00257nam a2200097Ia 4500 |
| 050 ## - LIBRARY OF CONGRESS CALL NUMBER | |
| Classification number | Z678.9.H37 2004 |
| 100 ## - MAIN ENTRY--PERSONAL NAME | |
| Personal name | L.T.HARAVU |
| 245 #0 - TITLE STATEMENT | |
| Title | LIBRARY AUTOMATION: DESIGN, PRINCIPLES AND PRACTICE |
| 942 ## - ADDED ENTRY ELEMENTS (KOHA) | |
| Koha item type | Long Loan Book |
| Withdrawn status | Lost status | Source of classification or shelving scheme | Damaged status | Not for loan | Collection | Home library | Current library | Shelving location | Date acquired | Inventory number | Total checkouts | Full call number | Barcode | Date last seen | Copy number | Price effective from | Koha item type |
|---|---|---|---|---|---|---|---|---|---|---|---|---|---|---|---|---|---|
| Library of Congress Classification | Science & Technology | Kisii University Library | Kisii University Library | On Display | 09/15/2023 | 60990 | Z 678.9 .H37 2004 | 038353 | 09/15/2023 | C. 1 | 09/15/2023 | Long Loan Book | |||||
| Library of Congress Classification | Science & Technology | Kisii University Library | Kisii University Library | On Display | 09/15/2023 | 84426 | Z 678.9 .H37 2004 | 010074 | 09/15/2023 | C.2 | 09/15/2023 | Long Loan Book | |||||
| Library of Congress Classification | Science & Technology | Kisii University Library | Kisii University Library | On Display | 09/15/2023 | 84427 | Z 678.9 .H37 2004 | 038391 | 05/26/2025 | C.3 | 09/15/2023 | Long Loan Book |